| 000 | 00418nam a22001457a 4500 | ||
|---|---|---|---|
| 020 | _a9788173192920 | ||
| 040 | _cNust | ||
| 082 |
_a511.4 _bMHA |
||
| 100 |
_aHrushikesh N. Mhasker _9124911 |
||
| 110 |
_aDevidas V. Pai _9124912 |
||
| 245 | _afundamentals of approximation theory | ||
| 260 |
_aNew Delhi: _bNarosa Publishing House, _c2000. |
||
| 650 |
_afundamentals of approximation theory _9124913 |
||
| 942 |
_2ddc _cBK |
||
| 999 |
_c610681 _d610681 |
||